000 00708nam a2200229 i 4500
001 14278
003 ES-MaACL
005 20250806034356.0
007 t|
008 981127s1990 xxu ||||1| eng d
020 _a0-300-04547-6
080 _a262.14(73)
080 _a291.5
100 1 _aBattin, Margaret P.
_926482
245 1 0 _aEthics in the sanctuary
_b: examining the practices of organized religion /
_cMargaret P. Battin.
260 _aNew Haven & London :
_bYale University Press,
_c[1990]
300 _aXIII, 291 p. ;
_c22 cm.
650 1 4 _aClero-
_zEstados Unidos.
_911118
650 1 7 _aÉtica religiosa
_2embne
_912590
852 _aES-MaACL
_jL-21553
_bR.119679
999 _c14278
_d14278